Fire Emblem Playable Characters - G - Statistics

General Stats
  • This quiz has been taken 114 times
    48 since last reset
  • The average score is 29 of 44
Answer Stats
Answer % Correct
Gerome
86%
Gordin
86%
Greil
86%
Garcia
79%
Gareth
79%
Garret
79%
Gazak
79%
Geese
79%
Gilbert
79%
Gonzalez
79%
Gregor
79%
Gregory
79%
Gunnthrá
79%
Guy
79%
Gwendolyn
79%
Gangrel
71%
Gatrie
71%
Geitz
71%
Giffca
71%
Ginnungagap
71%
Glen
71%
Gray
71%
Grima
71%
Griss
71%
Gustav
71%
Galle
64%
Ganglöt
64%
Garon
64%
Genny
64%
Gerik
64%
Glade
64%
Gaius
57%
Grommel
57%
Gullveig
57%
Gharnef
50%
Gunter
50%
Gatekeeper
43%
Gilliam
43%
Goldmary
43%
Gotoh
43%
Galzus
36%
Geoffrey
36%
Gotthold
21%
Guinivere
21%
No matching quizzes found
Score Distribution
Percent of People with Each Score
Percentile by Number Answered
Your Score History
You have not taken this quiz since the last reset